000 00310nam a2200109Ia 4500
005 20251222144713.0
008 251222s9999||||xx |||||||||||||| ||spa||
082 _a364.132.3/I59
245 0 _aMarco Legal, Investigación y Procesos en Materia de Corrupción y Derechos Humanos
264 _bIDEELE
942 _cLIB
999 _c17917
_d17917